000 00685nam a22002297a 4500
003 UA-OsUOA
001 42721
007 ta
008 20090310b un ||||| |||| 00| 0 ukr d
100 _aМлиновецький Роман
090 _a09.-94(477)
_bМ72
942 _cBK
040 _aUA-OsUOA
_bukr
_cUA-OsUOA
_dUA-OsUOA
245 _aІсторія українського народу
_bНариси з політичної історії
300 _a312 с.
955 _a1
041 _aukr
080 _a09.-94(477)
260 _b"Українська Наукова бібліотека"
_c1946
650 7 _a0 Загальний відділ.
_2UDC
999 _c441219
_d441219